000 02059cam a22004574i 4500
003 PE-LiUPU
005 20250731173330.0
008 150625s2004 sp a rb 000 0 spa d
020 _a8428526486
035 _a(Sirsi) i9788428526487
040 _aPE-LiUPU
_bspa
_cPE-LiUPU
_erda
049 _aPRUA
082 0 4 _a270
_bB32
_221
100 1 _aBedouelle, Guy,
_eautor.
245 1 0 _aHistoria ilustrada de la iglesia :
_blos grandes desafíos /
_cGuy Bedouelle.
264 1 _aMadrid :
_bSan Pablo,
_c2004.
300 _a277 páginas :
_bilustraciones;
_c30 centímetros
336 _atext
_2rdacontent
337 _aunmediated
_2rdamedia
338 _avolume
_2rdacarrier
504 _aIncluye bibliografía.
505 0 _aLa iglesia y el desafío de la universalidad entre el judaísmo, el helenismo y el paganismo. -La iglesia y el desafío de los bárbaros. -La iglesia y el desafío feudal. -La iglesia y el desafío de la laicidad: entre la teocracia y el neo-cesarismo. -La iglesia y el desafío del renacimiento. -La iglesia y el desafío de las reformas. -La iglesia y el desafío de los absolutismos. -La iglesia y el desafío de la ilustración. -La iglesia y el desafío de las revoluciones. --La iglesia y el desafío de las ideologías. --La iglesia y el desafío de las culturas. .
526 _aSEG42
526 _aSEG41
526 _aSEG40
526 _aSEG39
526 _aP94
526 _aP87
526 _aP86
526 _aP85
526 _aP77
526 _aP76
526 _aP35
650 0 4 _aIglesia
_xHistoria
_xIlustraciones.
942 _2ddc
_cBOOK
949 _a270 B32
_wDEWEY
_c1
_i59254
_d2015-11-23
_e2015-11-22
_lCCODEBUL1
_mBUL
_n3
_r0
_sY
_tBOOK
_u2015-6-25
_xTEOLOGIA
_PP35
_0COMPRA
_o.STAFF. Colección Teología
994 _aC0
_bPEPRU
596 _a1
999 _a270 B32
_wDEWEY
_c48041
_i59254
_d48041
_e2015-11-22
_f2021-11-10
_g6
_lCCODEBUL1
_mBUL
_n3
_p23.00
_q5
_r0
_sY
_tBOOK
_u2015-6-25
_xTEOLOGIA
_PP35
_0COMPRA
_o.STAFF. Colección Teología
980 _81
_gALBERTO SANCHEZ Responsable de Automatización